000 00745nam a2200289Ia 4500
005 20260324113252.0
008 008 260324s9999 xx 000 0 eng d
020 _a9781003495840
037 _aEBOOK
040 _aCRL
040 _beng
040 _cCRL
041 _2eng
041 _aeng
084 _qCRL
100 _aHsu-Ming Teo; Paloma Fresno-Calleja
_91146080
245 0 _aTravel and Colonialism in 21st Century Romantic Historical Fiction
245 0 _bExotic Journeys, Reparative Histories?
260 _bTaylor and Francis
260 _c2024
365 _a
365 _b220
856 _uhttp://www.taylorfrancis.com/books/9781003495840
942 _cEBOOK
999 _c1735658
_d1735658